| 000 | 02139nam a2200277Ia 4500 | ||
|---|---|---|---|
| 999 |
_c54858 _d54858 |
||
| 001 | 21927 | ||
| 003 | GE_BSU | ||
| 005 | 20220816144906.0 | ||
| 008 | 181216s ||||ge |||||||||||||| ||geo|| | ||
| 040 | _cGE_BSU | ||
| 041 | _ageo | ||
| 080 | _a81'374.823 დ-74 | ||
| 100 |
_aდონდუა, კარპეზ _914526 |
||
| 245 |
_aსვანურ - ქართულ - რუსული ლექსიკონი : _bლაშხური დიალექტი / _cკარპეზ დონდუა ; მთავარი რედაქტორი თ. გამყრელიძე ; ტომის რედაქტორი ალ. ონიანი ; გამომცემელი ალექსანდრე ონიანი. |
||
| 264 |
_aთბილისი : _bსულხან-საბა ორბელიანის სახელობის თბილისის სახ. პედაგოგიური უნივერსიტეტის გამომცემლობა, _c2001. |
||
| 300 |
_a399, [3] გვ. : _b1ფოტო პორტრეტი ; _c19 სმ. |
||
| 490 |
_aქართველოლოგიური ბიბლიოთეკა _v6 |
||
| 501 | _aსარჩევი : От автора-რედაქტორის წინასიტყვაობა - Предисловие редактора - შემოკლებათა განმარტება - ანბანთრიგი - ლექსიკონი | ||
| 541 | _h10ლ. | ||
| 653 | _aლექსიკონი | ||
| 653 | _aსვანურ-ქართული-რუსული ლექსიკონი | ||
| 700 |
_aგამყრელიძე, თ. _eრედაქტორი _93546 |
||
| 700 |
_aონიანი, ალ. _eრედაქტორი _914527 |
||
| 710 |
_aსულხან-საბა ორბელიანის სახელობის თბილისის სახელმწიფო პედაგოგიური უნივერსიტეტი _914528 |
||
| 942 |
_cBK _2udc |
||